| 000 | 01232nac a22004097a 4500 | ||
|---|---|---|---|
| 001 | BR0902636 | ||
| 003 | BR-BrBNA | ||
| 005 | 20240105123745.0 | ||
| 008 | 230509b bl.|||m| |||| 00| 0 por d | ||
| 040 |
_aBR-BrBNA _bpor _cBiblioteca Nacional de Agricultura |
||
| 072 | _aE16 | ||
| 090 | _a0329 BR0902636 | ||
| 100 | 1 | _aRodigheri, H.R. | |
| 100 | 1 | _aSantos, A.F. dos | |
| 100 | 1 | _aRezende, R. | |
| 100 | 1 | _aFreitas, P.S.L. de | |
| 100 | 1 | _aMikami, E. | |
| 100 | 1 | _aMuniz, A.S. | |
| 100 | 1 | _aTessmann, D.J. | |
| 100 | 1 | _aVida, J.B. | |
| 110 | 1 |
_aEMBRAPA Floresta, Colombo, PR (Brasil) _93612 |
|
| 245 | 1 | _aIndicadores de custos, produtividade e renda da pupunheira irrigada na região noroeste do estado do Paraná - Um estudo de caso | |
| 260 | 3 |
_aColombo, PR (Brasil): _c2005. |
|
| 300 | _a7 p. | ||
| 490 |
_aCircular Técnica - EMBRAPA Floresta (Brazil) _vno. 100 _xISSN 1517-5278 |
||
| 500 | _a6 ref. | ||
| 650 | _aPUPUNHA | ||
| 650 | _aPALMITO | ||
| 650 | _aPRODUTIVIDADE | ||
| 650 | _aRENDA | ||
| 650 | _aPRODUÇÃO VEGETAL | ||
| 650 | _aIRRIGAÇÃO | ||
| 650 | _aCUSTO DE PRODUÇÃO | ||
| 650 | _aRENTABILIDADE | ||
| 909 |
_a202312 _bLúcia Elande _c55 _dLúcia Elande |
||
| 942 |
_2AGRIS _n0 _cMS |
||
| 999 |
_c296866 _d296866 |
||